Car Logos Close-Up Quiz Stats

 Plays Quiz Updated May 16, 2018

Score 0/20 Timer 04:00
0 Plays Today
Car Company % Correct
BMW
96%
Nissan
94.4%
Jaguar
93.2%
Honda
93%
Volvo
91.9%
Volkswagen
90.2%
Lexus
90%
Mercedes-Benz
88.5%
Toyota
88.4%
Mitsubishi
85.5%
Car Company % Correct
Subaru
83.7%
Hyundai
81.2%
Ferrari
79.8%
Mazda
77.4%
Cadillac
75.2%
Porsche
66.2%
Suzuki
64.8%
Saturn
59.7%
Saab
58.7%
Infiniti
47.7%

You're not logged in!

Compare scores with friends on all Sporcle quizzes.
OR
Log In

You Might Also Like...

Show Comments

Extras

Top Quizzes Today


Score Distribution

Your Account Isn't Verified!

In order to create a playlist on Sporcle, you need to verify the email address you used during registration. Go to your Sporcle Settings to finish the process.

Report this User

Report this user for behavior that violates our Community Guidelines.

Details: